000 00667nam a22002177a 4500
999 _c6313
_d6313
003 AR-CdUCM
008 190314b ||||| |||| 00| 0 spa d
040 _aMUNICIPALIDAD PROVINCIAL DEL CUSCO
_cBIBLIOTECA MUNICIPAL DEL CUSCO
082 _a869.44 /
_bM28
100 _aMansilla Torres, Jorge
_918084
245 _aCon premeditación y poesía /
260 _aLa Paz :
_bNogales,
_c1993.
300 _a189 paginas ;
_bIlustraciones,
_c20 cm.
505 _aPoesia
650 _aPoesía Boliviana
_92577
650 _aPoemas
_9929
650 _aProsas y versos
_918085
710 _aAlcaldía Municipal La Paz - Bolivia
_97530
942 _2ddc
_cLIBROS
945 _awnts